Atlas y elementos de bacteriología y compendio del diagnóstico bacteriológico especial / (Record no. 90594)

MARC details
000 -LEADER
campo de control de longitud fija 00707nam a2200205 i 4500
001 - NÚMERO DE CONTROL
campo de control 90594
003 - IDENTIFICADOR DE NÚMERO DE CONTROL
campo de control ES-MaACL
005 - FECHA Y HORA DE LA ÚLTIMA TRANSACCIÓN
campo de control 20230906180511.0
007 - CAMPO FIJO DE DESCRIPCIÓN FÍSICA--INFORMACIÓN GENERAL
campo de control de longitud fija t|
008 - DATOS DE LONGITUD FIJA--INFORMACIÓN GENERAL
campo de control de longitud fija 050121s1915 sp ||||1| spa d
100 1# - ENTRADA PRINCIPAL--NOMBRE DE PERSONA
Nombre de persona Lehmann, K. B.
9 (RLIN) 71336
245 10 - MENCIÓN DEL TÍTULO
Título Atlas y elementos de bacteriología y compendio del diagnóstico bacteriológico especial /
Mención de responsabilidad, etc. por K. B. Lehmann y R. Neumann ; traducción por Antonio Ruiz Falcó.
260 ## - PUBLICACIÓN, DISTRIBUCIÓN, ETC.
Lugar de publicación, distribución, etc. Madrid :
Nombre del editor, distribuidor, etc. Librería Académica,
Fecha de publicación, distribución, etc. 1915 (
Fabricante Hijos de Tello)
300 ## - DESCRIPCIÓN FÍSICA
Extensión 1 v., 4 lám. :
Otras características físicas il. ;
Dimensiones 20 cm.
500 ## - NOTA GENERAL
Nota general Es el vol. II.
700 1# - ENTRADA AGREGADA--NOMBRE PERSONAL
Nombre de persona Neumann, R.
9 (RLIN) 85449
700 1# - ENTRADA AGREGADA--NOMBRE PERSONAL
Nombre de persona Ruiz Falco, Antonio.
9 (RLIN) 211536
852 ## - LOCALIZACIÓN
Ubicación ES-MaACL
Número de control de estantería B-11929-30
Holdings
Estatus retirado Estado de pérdida Estado de daño No para préstamo Biblioteca de origen Biblioteca actual Ubicación en estantería Fecha de adquisición Fuente de adquisición Total de préstamos Signatura topográfica completa Código de barras Visto por última vez Precio de reemplazo Tipo de ítem Koha
        Biblioteca del Ateneo de Madrid Biblioteca del Ateneo de Madrid Sala Pardo Bazán 17/01/2008     B-11929-30 1094599 23/02/2023 23/02/2023 Libro impreso